000 00312nam a2200109 4500
999 _c10237
_d10237
008 180809b ||||| |||| 00| 0 eng d
245 _aProcessed foods weaken immune system, lead to diseases.
260 _aPhilippines
_bManila Bulletin
_cc2016
300 _apage 12.
650 0 _930213
_aFoods.
942 _2ddc
_cPER